000 01357cam a2200397 a 4500
001 17257420
003 OSt
005 20140310181915.0
008 120416s2010 caua f b 000 0 eng d
010 _a 2011278118
020 _a9781425805173
020 _a1425805175
035 _a(OCoLC)ocn535493795
040 _aBTCTA
_beng
_cBTCTA
_dBKX
_dDLC
042 _alccopycat
050 0 0 _aLB1 060
_b.B367 2010
082 0 4 _aTR 370.152
_222
_bB367 2010
100 1 _aBean, Thomas W.
_9764
245 1 0 _aMultimodal learning for the 21st century adolescent /
_cauthor Thomas Bean ; foreword by Donna E. Alvermann.
246 3 _aMultimodal learning for the twenty first century adolescent
260 _aHuntington Beach, CA :
_bShell Education,
_cc 2010.
300 _a136 p. :
_bill. ;
_c24 cm.
500 _a"SEP 50517"--Cover.
504 _aIncludes bibliographical references (p. 123-136).
520 _a1. Learning 2. Multiple intelligences 3. Cognitive styles 4. Teaching
521 _a
541 _j1
562 _e1
650 0 _aLearning.
_953
650 0 _aMultiple intelligences.
_9765
650 0 _aCognitive styles.
_9766
650 0 _aTeaching.
_973
906 _a7
_bcbc
_ccopycat
_d2
_encip
_f20
_gy-gencatlg
942 _2lcc
_cBK-TR
_kTR
999 _c6723
_d6723